000 00557nam a2200229Ia 4500
003 OSt
005 20220924143510.0
006 a|||||r|||| 00| 0
007 ta
008 220923b |||||||| |||| 00| 0 urd d
024 _a308562
037 _cTextual
040 _aARTS
_cARTS
_burd
041 _2urd
_aurd
082 _aO13,1:g, 168H1;L7
100 _aArastu
_9216006
245 0 _aFun e sahiri
260 _c1977
650 _aGREEK LITERATURE
942 _hO13,1:g, 168H1;L7
_cTEXL
_2CC
999 _c454714
_d454714